000 01039nam a2200289 a 4500
001 000043423
003 DO-SdBNP
005 20250924073803.0
007 ta
008 140314s1999 dr 000 0 spa d
040 _aDO-SdBNP
_bspa
_cBNPHU
_erda
082 _a378.1097293
_bU58i
_222
110 2 _aUniversidad Autónoma de Santo Domingo.
_bFacultad de Humanidades.
_964554
245 1 0 _aInforme de gestión trienio 1996-99 :
_bmemorias.
264 _aSanto Domingo :
_bUASD,
_c1999.
300 _a112 paginas ;
_c21 cm.
336 _2rdacontent
_atexto
_btxt
337 _2rdamedia
_asin mediación
_bn
338 _2rdacarrier
_avolumen
_bnc
490 1 _aPublicaciones de la Universidad Autónoma de Santo Domingo
590 _aInventariado, 2019/MFF
650 4 _aAdministración universitaria
_zRepública Dominicana
_953786
650 4 _aUniversidades
_zRepública Dominicana
_9729
830 _aPublicaciones de la Universidad Autónoma de Santo Domingo
_952
910 _aValidado. Control de calidad EMS
942 _2ddc
_cLBS1
999 _c42912
_d42912